Crisis as conquest: learning from East Asia (Record no. 400304)

000 -LEADER
fixed length control field 00492cam a22001577a 4500
008 - FIXED-LENGTH DATA ELEMENTS--GENERAL INFORMATION
fixed length control field 180718b2001 xxu||||| |||| 00| 0 eng d
020 ## - INTERNATIONAL STANDARD BOOK NUMBER
International Standard Book Number 8125018980
082 ## - DEWEY DECIMAL CLASSIFICATION NUMBER
Classification number T19x5 G346
100 ## - MAIN ENTRY--PERSONAL NAME
Personal name Ghosh, Jayati
245 ## - TITLE STATEMENT
Title Crisis as conquest: learning from East Asia
Statement of responsibility, etc. by Jayati Ghosh and C.P. Chandrasekhar
260 ## - PUBLICATION, DISTRIBUTION, ETC.
Place of publication, distribution, etc. Delhi
Name of publisher, distributor, etc. Orient Longman
Date of publication, distribution, etc. 2001
300 ## - PHYSICAL DESCRIPTION
Extent 137p.
650 ## - SUBJECT ADDED ENTRY--TOPICAL TERM
Topical term or geographic name entry element East Asia - Economic conditions
650 ## - SUBJECT ADDED ENTRY--TOPICAL TERM
Topical term or geographic name entry element Economic development - East Asia
700 ## - ADDED ENTRY--PERSONAL NAME
Personal name Chandrasekhar, C.P.
Holdings
Withdrawn status Lost status Damaged status Not for loan Permanent Location Current Location Date acquired Full call number Barcode Date last seen Price effective from Koha item type
        Indian Institute of Public Administration Indian Institute of Public Administration 2002-10-23 T19x5 G346 78021 2018-07-21 2018-07-21 Book

Powered by Koha